[Event "BL 2018-19"]
[Site "Berlin"]
[Date "2019.03.23"]
[Round "12.16"]
[White "Kohlweyer, Bernd"]
[Black "Kukov, Velislav"]
[Result "0-1"]
[WhiteElo "2342"]
[BlackElo "2362"]
[Annotator "NA"]
[PlyCount "118"]
[EventDate "2018.11.10"]
[EventType "team-tourn"]
[EventCountry "GER"]
[SourceTitle "playchess.com"]
[Source "ChessBase"]
[SourceQuality "1"]
[WhiteTeam "Duesseldorf"]
[BlackTeam "Augsburg"]
[TimeControl "40/6000+30:3000+30"]

1. d4 {[%emt 0:00:00]} d5 {[%emt 0:00:00]} 2. c4 {[%emt 0:00:01]} c6 {[%emt 0:00:00]} 3. Nf3 {[%emt 0:01:53]} Nf6 {[%emt 0:00:00]} 4. e3 {[%emt 0:00:06]} Bg4 {[%emt 0:00:00]} 5. Nc3 {[%emt 0:01:16]} e6 {[%emt 0:00:53]} 6. Qb3 {[%emt 0:00:09]} Qb6 {[%emt 0:01:56]} 7. Nh4 {[%emt 0:01:19]} Be7 $11 {[%emt 0:00:49]} 8. h3 {[%emt 0:01:02] LiveBook: 71 Games} Bh5 {[%emt 0:01:16]} 9. g4 {[%emt 0:00:09]} Bg6 {[%emt 0:00:05]} 10. Nxg6 {[%emt 0:05:23]} hxg6 {[%emt 0:04:20]} 11. Bg2 {[%emt 0:01:46]} g5 {[%emt 0:05:37]} 12. e4 {[%emt 0:09:02]} Nxe4 {[%emt 0:21:01]} 13. Nxe4 {[%emt 0:03:52]} dxe4 {[%emt 0:00:59]} 14. Qxb6 {[%emt 0:00:44]} axb6 {[%emt 0:00:02]} 15. Bxe4 {[%emt 0:00:02]} Nd7 {[%emt 0:09:30]} 16. Be3 {[%emt 0:05:05]} Ra5 {[%emt 0:08:29]} 17. Bg2 {[%emt 0:12:04]} b5 {[%emt 0:28:58]} 18. d5 {[%emt 0:06:31]} exd5 {[%emt 0:06:44]} 19. cxd5 {[%emt 0:00:05]} c5 {[%emt 0:00:19]} 20. O-O {[%emt 0:04:53]} Bf6 {[%emt 0:03:33]} 21. Bd2 {[%emt 0:07:19]} Ra6 {[%emt 0:00:51]} 22. Rfe1+ {[%emt 0:02:55]} Kd8 {[%emt 0:00:34]} 23. Bc3 {[%emt 0:05:15]} Re8 {[%emt 0:02:23]} 24. Bxf6+ {[%emt 0:00:34]} Nxf6 {[%emt 0:02:31]} 25. Rec1 {[%emt 0:03:34]} c4 {[%emt 0:01:59]} 26. b3 {[%emt 0:00:23]} cxb3 {[%emt 0:01:01]} 27. axb3 {[%emt 0:00:04]} Rxa1 {[%emt 0:00:02]} 28. Rxa1 {[%emt 0:00:13]} Kc7 {[%emt 0:00:10]} 29. b4 {[%emt 0:03:37]} Ne4 {[%emt 0:01:09]} 30. Rc1+ {[%emt 0:18:44]} Kb6 {[%emt 0:00:23]} 31. d6 {[%emt 0:01:53]} Nxd6 {[%emt 0:00:34]} 32. Rd1 {[%emt 0:00:10]} Kc7 {[%emt 0:02:05]} 33. Rc1+ {[%emt 0:00:04]} Kb6 {[%emt 0:00:18]} 34. Rd1 {[%emt 0:00:05]} Re6 {[%emt 0:02:46]} 35. Bd5 {[%emt 0:04:29]} Re7 {[%emt 0:00:19]} 36. Bf3 {[%emt 0:01:14]} Kc7 {[%emt 0:01:03]} 37. Kg2 {[%emt 0:01:42]} f6 {[%emt 0:00:23]} 38. Rc1+ {[%emt 0:00:58]} Kd7 {[%emt 0:01:56]} 39. Rd1 {[%emt 0:00:12]} Kc7 {[%emt 0:00:16]} 40. Rc1+ {[%emt 0:00:05]} Kb6 {[%emt 0:02:56]} 41. Rd1 {[%emt 0:50:22]} Nc8 {[%emt 0:08:43]} 42. h4 {[%emt 0:00:00]} gxh4 {[%emt 0:04:28]} 43. g5 {[%emt 0:00:00]} fxg5 {[%emt 0:00:59]} 44. Rd5 {[%emt 0:00:00]} g4 {[%emt 0:03:32]} 45. Bxg4 {[%emt 0:00:00]} Na7 {[%emt 0:00:04]} 46. Kh3 {[%emt 0:00:00]} Nc6 {[%emt 0:01:54]} 47. Kxh4 {[%emt 0:00:00]} Nxb4 {[%emt 0:00:23]} 48. Rd2 {[%emt 0:00:00]} Nc6 {[%emt 0:01:35]} 49. f4 {[%emt 0:00:00]} b4 {[%emt 0:01:56]} 50. Kg5 {[%emt 0:00:00]} Kc5 {[%emt 0:01:01]} 51. Rc2+ {[%emt 0:00:00]} Kd4 {[%emt 0:02:52]} 52. Bd1 {[%emt 0:00:00]} Kd3 {[%emt 0:05:08]} 53. Rb2 {[%emt 0:00:00]} b5 {[%emt 0:09:11]} 54. Bb3 {[%emt 0:00:00]} Nd4 {[%emt 0:01:50]} 55. Bg8 {[%emt 0:00:00]} Kc3 {[%emt 0:02:16]} 56. Rg2 {[%emt 0:00:00]} b3 {[%emt 0:04:38]} 57. Kg6 {[%emt 0:00:00]} Ne2 {[%emt 0:02:15]} 58. Rf2 {[%emt 0:00:00]} b2 {[%emt 0:02:31]} 59. Ba2 {[%emt 0:00:00]} Kc2 {[%emt 0:00:44]} 0-1

[Event "BL 2018-19"]
[Site "Berlin"]
[Date "2019.03.24"]
[Round "13.1"]
[White "Vachier-Lagrave, Maxime"]
[Black "Dziuba, Marcin"]
[Result "1-0"]
[WhiteElo "2775"]
[BlackElo "2574"]
[Annotator "TA"]
[PlyCount "59"]
[EventDate "2018.11.10"]
[EventType "team-tourn"]
[EventCountry "GER"]
[SourceTitle "playchess.com"]
[Source "ChessBase"]
[SourceQuality "1"]
[WhiteTeam "Baden-Baden"]
[BlackTeam "Kiel"]

{[%evp 9,59,7,26,22,3,18,30,29,26,24,44,48,45,52,84,78,79,81,125,105,115,112,108,99,97,65,106,86,143,141,145,138,175,185,447,465,457,447,473,485,485,468,454,457,631,616,748,694,1394,1378,1356,1322]} 1. Nf3 d5 2. g3 c6 3. Bg2 Bg4 4. O-O Nd7 5. h3 Bh5 6. d4 {A07: Réti Opening: New York and Capablanca Systems} e6 7. c4 Bd6 8. Qb3 {White has an edge.} Qb6 9. Nc3 {[%cal Rc4d5]} Qxb3 10. axb3 a6 11. e4 Ne7 $146 ({Predecessor:} 11... dxe4 12. Nxe4 Bc7 {½-½ (51) Ganguly,S (2615)-Aronian,L (2765) Kolkata 2018}) 12. exd5 exd5 13. Re1 Kd8 14. cxd5 Nxd5 15. Nxd5 cxd5 16. g4 Bg6 17. Bd2 Rc8 18. Ba5+ b6 ({Black should play} 18... Bc7) 19. Bc3 $16 a5 {[#]} 20. Ne5 $1 Nf6 {[#]} 21. f4 $1 {[%cal Bf2f4,Bf4f5][%mdl 32] And now f5 would win.} Bxe5 $2 (21... Ne4) 22. dxe5 $18 {White is clearly winning.} Ne4 23. Bd4 f5 24. exf6 Nxf6 25. Bxb6+ Kd7 26. f5 Rb8 27. Bc5 Rb5 28. b4 axb4 29. Re7+ Kc6 30. Bd4 {Accuracy: White = 93%, Black = 33%.} 1-0

[Event "BL 2018-19"]
[Site "Berlin"]
[Date "2019.03.24"]
[Round "13.1"]
[White "Areshchenko, Alexander"]
[Black "Perske, Thore"]
[Result "1-0"]
[WhiteElo "2652"]
[BlackElo "2448"]
[Annotator "TA"]
[PlyCount "85"]
[EventDate "2018.11.10"]
[EventType "team-tourn"]
[EventCountry "GER"]
[SourceTitle "playchess.com"]
[Source "ChessBase"]
[SourceQuality "1"]
[WhiteTeam "Werder Bremen"]
[BlackTeam "SV Hofheim"]

{[%evp 16,85,29,30,39,26,33,-14,35,0,37,40,45,43,46,43,25,41,39,29,21,19,28,0,0,-6,0,0,0,0,2,2,37,29,31,30,34,17,13,0,48,21,343,337,331,318,315,289,320,263,450,451,428,411,467,455,481,479,452,478,446,441,440,427,818,818,790,796,777,766,29989,29990]} 1. Nf3 Nf6 2. g3 g6 3. Bg2 Bg7 4. c4 O-O 5. d4 d6 6. Nc3 Nc6 7. O-O e5 8. d5 Nb8 {[%cal Bc6b8,Bb8a6,Ba6c5,Bc5b3][%mdl 32]} 9. e4 a5 {E62: King's Indian: Fianchetto: 6...c6 and Panno Variation (6...Nc6) without ...a6} 10. Ne1 Na6 11. h3 (11. Bg5 h6 12. Be3 Ng4 13. Bd2 f5 14. Nd3 b6 15. f3 Nf6 16. Be3 Nc5 17. Nxc5 bxc5 {0-1 (26) Ivanchuk,V (2714)-Amin,B (2709) Zagreb 2018}) 11... Nc5 {The position is equal.} 12. Be3 b6 13. a3 $146 ({Predecessor:} 13. Nd3 Nfd7 14. Qd2 f5 15. f4 fxe4 16. Nxe4 Nxe4 17. Bxe4 exf4 18. Nxf4 Ne5 19. Rac1 {1-0 (35) Afonasieva,A (2207)-Utiatskaja,I (2246) St Petersburg 2018}) 13... Bd7 14. b4 axb4 15. axb4 Rxa1 16. Qxa1 Nb3 17. Qb2 Nd4 18. Nd3 Nh5 19. Bxd4 exd4 20. Ne2 Re8 21. g4 Nf6 22. f3 h5 {[%cal Rh5g4]} 23. g5 Nh7 24. h4 $36 {[%mdl 2048] White has some pressure.} f6 25. f4 c5 26. bxc5 (26. dxc6 $5 Bxc6 27. Nxd4 Bxe4 28. Bxe4 Rxe4 29. Nf2 $14) 26... bxc5 27. Ra1 fxg5 28. fxg5 Qb8 $2 {[%mdl 8192]} (28... Nf8 $11) 29. Qxb8 $18 Rxb8 30. Nef4 Nf8 {[#]} 31. Ra6 $1 Rb1+ 32. Kh2 Be5 $2 (32... Rb3 33. Rxd6 Rc3) 33. Nxe5 dxe5 {[#]} 34. Nd3 $1 Bg4 35. Nxe5 Be2 {intending ...d3.} 36. Ra2 d3 37. Rd2 Rc1 38. Nxd3 Bxd3 39. Rxd3 Nd7 (39... Rxc4 $142 40. Ra3 Kf7) 40. Bh3 Ne5 41. d6 Rc2+ 42. Kg3 Nxd3 43. d7 {Accuracy: White = 66%, Black = 35%.} 1-0

[Event "BL 2018-19"]
[Site "Berlin"]
[Date "2019.03.10"]
[Round "13.1"]
[White "Karpov, Anatoly"]
[Black "Almasi, Zoltan"]
[Result "0-1"]
[WhiteElo "2623"]
[BlackElo "2682"]
[Annotator "TA"]
[PlyCount "98"]
[EventDate "2018.11.10"]
[EventType "team-tourn"]
[EventCountry "GER"]
[SourceTitle "playchess.com"]
[Source "ChessBase"]
[SourceQuality "1"]
[WhiteTeam "Hockenheim"]
[BlackTeam "Dresden"]

{[%evp 18,98,57,37,48,37,49,28,44,52,45,38,41,35,39,20,30,3,22,22,58,2,6,6,6,6,6,13,11,10,10,0,0,-73,-62,-74,-80,-164,-159,-173,-165,-172,0,-162,-178,-169,-169,-231,-217,-212,-224,-208,-199,-232,-234,-280,-266,-278,-278,-348,0,-240,0,-341,-319,-318,-299,-318,-350,-418,-394,-545,-519,-675,-667,-1048,-1050,-1047,-1047,-1112,-1102,-990,-939]} 1. d4 Nf6 2. c4 g6 3. g3 Bg7 4. Bg2 O-O 5. Nc3 d6 6. Nf3 c6 7. O-O Bf5 8. Ne1 Qc8 9. e4 Bh3 10. f3 Bxg2 {E62: King's Indian: Fianchetto: 6...c6 and Panno Variation (6...Nc6) without ...a6} (10... c5 11. d5 Bxg2 12. Kxg2 Na6 13. Nd3 Nb4 14. Nf2 Nd7 15. Qe2 Re8 16. Bg5 Na6 17. Rae1 Nc7 18. a4 {½-½ (45) Ipatov,A (2588)-Socko,B (2647) Legnica 2013}) 11. Kxg2 Nbd7 12. Be3 b5 {White has an edge.} 13. cxb5 cxb5 14. Rc1 Qb7 15. Rf2 Nb6 $146 ({Predecessor:} 15... Rfc8 16. Rfc2 Rc4 17. b3 Rc7 18. Qe2 {1-0 (50) Reinartz,G (2260)-Dahlmann,D (2192) Germany 1997}) 16. b3 b4 17. Nb1 Nfd7 18. Rfc2 f5 19. Qd3 (19. Rc7 $14 Qa6 20. Nd3) 19... fxe4 $11 20. fxe4 d5 21. Rc7 dxe4 22. Rxb7 exd3 23. Nxd3 Nd5 24. Bf2 N7f6 25. h3 (25. Nd2 $11 {keeps the balance.}) 25... Ne4 $17 26. Bg1 $1 a5 27. Nc5 (27. Rd7 $17 Bh6 28. Rc2 (28. Rxd5 Bxc1 29. Re5 Nd2 $17)) 27... Rfc8 $19 28. Rd7 Nef6 $36 {[%mdl 2048] Black is in control.} 29. Rb7 {[#]} Ne4 $1 {[%mdl 512]} 30. Rd7 {[#]} (30. Nxe4 Rxc1) 30... Nd6 $1 31. Nd2 Bf8 32. Nc4 (32. Nde4 $142) 32... Nf6 {[%mdl 64] Trapped Piece} 33. Nb6 Nxd7 34. Nbxd7 {intending Nb6.} Ra7 35. Nxf8 Rxf8 ({Resist} 35... Kxf8 36. Be3) 36. g4 Rc8 37. Be3 Nb5 38. Rc4 Nd6 39. Rc1 Nb5 (39... Raa8 $142 40. Re1 Nb5) 40. Rc4 $1 Rac7 41. Kf3 Rf8+ 42. Kg2 Nc3 43. a4 Rc6 44. g5 Nd5 {Black is clearly winning.} 45. Bd2 {[#]} e5 $1 46. Ne4 (46. dxe5 Rfc8) 46... Rxc4 47. bxc4 Nf4+ 48. Kf3 b3 49. Bxa5 Ne6+ {Accuracy: White = 43%, Black = 76%.} 0-1

[Event "BL 2018-19"]
[Site "Berlin"]
[Date "2019.03.24"]
[Round "13.1"]
[White "Van Wely, Loek"]
[Black "Laznicka, Viktor"]
[Result "1/2-1/2"]
[WhiteElo "2622"]
[BlackElo "2668"]
[Annotator "TA"]
[PlyCount "83"]
[EventDate "2018.11.10"]
[EventType "team-tourn"]
[EventCountry "GER"]
[SourceTitle "playchess.com"]
[Source "ChessBase"]
[SourceQuality "1"]
[WhiteTeam "Solingen"]
[BlackTeam "Augsburg"]

{[%evp 20,83,11,11,20,0,8,0,31,21,20,12,56,57,62,7,10,11,16,-4,-12,-8,0,0,0,0,0,0,0,0,11,0,12,0,0,0,0,0,6,7,9,0,0,0,23,25,29,0,0,0,2,0,1,0,0,0,0,0,0,0,0,0,0,0,0,0]} 1. d4 d5 2. c4 dxc4 3. Nf3 Nf6 4. e3 e6 5. Bxc4 c5 6. O-O a6 7. a4 Nc6 8. Nc3 cxd4 9. exd4 Be7 10. Bg5 O-O 11. Re1 h6 {D27: Queen's Gambit Accepted: Classical main line: 7 e4!? and 7 a4} 12. Bf4 Nd5 13. Bg3 {[#]} b6 $146 ({Predecessor:} 13... Nb6 14. Bd3 Bf6 15. Ne4 Be7 16. Rc1 f5 17. Nc5 f4 18. Nxe6 Bxe6 19. Rxe6 fxg3 20. hxg3 Bf6 21. d5 Nb4 22. Be4 Rc8 23. Rxc8 Nxc8 24. d6 {½-½ (25) Lautier,J (2653)-Barsov,A (2525) Bastia 2001}) 14. Nxd5 exd5 15. Bf1 Be6 16. Rc1 Qd7 17. Re3 (17. Qb3 $14) 17... Rfc8 $11 18. Rec3 Bb4 19. R3c2 Bf5 20. Bd3 Bxd3 21. Qxd3 Bf8 {[#] ...Nb4 is the strong threat.} 22. Qd1 b5 23. axb5 axb5 24. h3 Qb7 25. Nh4 Ne7 26. Rc7 Rxc7 27. Rxc7 Qa6 28. Qe2 Ra7 (28... g5 {is more complex.} 29. Nf3 Nf5 30. Qc2 Qe6 31. Be5 Nd6) 29. Rxa7 Qxa7 30. Qxb5 Qxd4 31. Nf3 Qd1+ 32. Kh2 Nf5 33. Qe8 d4 {The position is equal.} 34. Ne5 Qb3 35. Nd7 Qb4 36. Nxf8 (36. Be5 {feels hotter.} Qe7 37. Qxf8+ Qxf8 38. Nxf8 Kxf8 39. g4) 36... Qxf8 37. Qxf8+ Kxf8 {KB-KN} 38. Kg1 Ke7 39. Kf1 Ke6 40. Ke2 Kd5 41. Kd3 Ne7 42. Bf4 {Accuracy: White = 63%, Black = 66%.} 1/2-1/2

[Event "BL 2018-19"]
[Site "Berlin"]
[Date "2019.03.10"]
[Round "13.2"]
[White "Nisipeanu, Liviu-Dieter"]
[Black "Tomashevsky, Evgeny"]
[Result "1/2-1/2"]
[WhiteElo "2674"]
[BlackElo "2705"]
[Annotator "TA"]
[PlyCount "41"]
[EventDate "2018.11.10"]
[EventType "team-tourn"]
[EventCountry "GER"]
[SourceTitle "playchess.com"]
[Source "ChessBase"]
[SourceQuality "1"]
[WhiteTeam "Dresden"]
[BlackTeam "Hockenheim"]

{[%evp 9,41,23,38,14,13,-1,3,3,19,21,12,-3,37,29,37,33,29,20,38,34,35,36,44,34,41,22,19,-3,32,0,27,7,86,77]} 1. e4 e5 2. Nf3 Nc6 3. Bb5 Nf6 4. d3 Bc5 5. Bxc6 dxc6 6. h3 {C65: Ruy Lopez: Berlin Defence (3...Nf6), unusual lines and 4 0-0 Bc5} (6. O-O {seems wilder.} Bd6 7. Bg5 h6 8. Bh4 O-O 9. Nbd2) 6... Nd7 7. Qe2 (7. O-O {is interesting.} a5 8. Nbd2 O-O 9. Nc4 f6 10. c3) 7... Bd6 $146 ({Predecessor:} 7... O-O 8. Be3 Bd6 9. Nbd2 Re8 10. O-O c5 11. Nc4 Nf8 12. a4 Ng6 13. Nh2 Be6 {0-1 (57) Sanal,V (2490)-Sargissian,G (2689) St Petersburg 2018}) 8. Nbd2 {The position is equal.} Qe7 9. Nc4 c5 10. Ne3 Nf6 11. Bd2 Be6 12. Ng5 Bd7 13. Bc3 O-O-O 14. Nf3 Ne8 15. a3 f6 16. b4 Be6 {[%cal Rc5b4]} 17. Nd2 c6 {[%cal Rc5b4]} 18. Ndc4 Nc7 (18... Bxc4 $5 19. Nxc4 cxb4 20. Nxd6+ Nxd6 21. Bxb4 Qc7 $11) 19. O-O Nb5 20. Bd2 Bc7 (20... Nd4 $11 {keeps the balance.} 21. Qd1 cxb4) 21. bxc5 {Accuracy: White = 30%, Black = 62%.} 1/2-1/2

[Event "BL 2018-19"]
[Site "Berlin"]
[Date "2019.03.24"]
[Round "13.2"]
[White "Khenkin, Igor"]
[Black "Wojtaszek, Radoslaw"]
[Result "1/2-1/2"]
[WhiteElo "2546"]
[BlackElo "2749"]
[Annotator "TA"]
[PlyCount "43"]
[EventDate "2018.11.10"]
[EventType "team-tourn"]
[EventCountry "GER"]
[SourceTitle "playchess.com"]
[Source "ChessBase"]
[SourceQuality "1"]
[WhiteTeam "Kiel"]
[BlackTeam "Baden-Baden"]

{[%evp 9,43,0,0,0,0,-8,18,0,10,12,25,19,10,6,12,8,13,0,12,5,17,11,45,37,48,47,53,49,49,50,51,49,63,55,50,0]} 1. d4 Nf6 2. c4 e6 3. Nf3 b6 4. Nc3 Bb4 5. Bd2 O-O 6. Rc1 {E21: Nimzo-Indian: 4 Nf3} Bb7 (6... c5 7. dxc5 Bxc5 8. g3 Bb7 9. Bg2 Ne4 10. O-O Nxd2 11. Qxd2 Qe7 12. a3 a5 13. Rfd1 Rd8 {1-0 (50) Mamedyarov,S (2747)-Adams,M (2744) Wijk aan Zee 2016}) 7. g3 Nc6 8. e3 {The position is equal.} Ne7 $146 ({Predecessor:} 8... Re8 9. Bg2 d6 10. O-O e5 11. d5 Ne7 12. a3 Bxc3 13. Bxc3 a5 {0-1 (50) Mueller,W-Schwartz,G Bad Wiessee 1997}) 9. Bg2 c5 10. a3 Bxc3 11. Bxc3 Ne4 12. O-O Qc7 13. dxc5 bxc5 14. Ba5 Qxa5 15. Qxd7 {[%mdl 64] [#] Double Attack} Qb6 {...Nf5 is the strong threat.} 16. Qxe7 {White is slightly better.} f6 {And now ...Rf7 would win.} 17. Qd7 $1 Rfd8 18. Qb5 Bc6 19. Qxb6 axb6 20. Rfd1 Ba4 21. Rxd8+ Rxd8 22. Bf1 {Accuracy: White = 62%, Black = 66%.} 1/2-1/2

[Event "BL 2018-19"]
[Site "Berlin"]
[Date "2019.03.24"]
[Round "13.2"]
[White "Prusikin, Michael"]
[Black "L'Ami, Erwin"]
[Result "1/2-1/2"]
[WhiteElo "2510"]
[BlackElo "2644"]
[Annotator "TA"]
[PlyCount "45"]
[EventDate "2018.11.10"]
[EventType "team-tourn"]
[EventCountry "GER"]
[SourceTitle "playchess.com"]
[Source "ChessBase"]
[SourceQuality "1"]
[WhiteTeam "Augsburg"]
[BlackTeam "Solingen"]

{[%evp 17,45,0,0,0,0,0,0,-8,-6,0,0,0,0,-2,4,0,17,10,10,4,17,-2,-2,-1,0,0,0,0,0,0]} 1. e4 e5 2. Nf3 Nc6 3. Nc3 Nf6 4. d4 exd4 5. Nxd4 Bb4 6. Nxc6 bxc6 7. Bd3 d5 8. exd5 cxd5 9. O-O O-O {The position is equal.} 10. h3 {C47: Scotch Four Knights and Four Knights with 4 g3} (10. Qf3 c6 11. Bg5 Bd6 12. Rae1 Rb8 13. Nd1 h6 14. Bxf6 Qxf6 15. Qxf6 gxf6 16. b3 Kg7 17. Ne3 Re8 18. Nf5+ Bxf5 19. Bxf5 Re5 20. Bd3 Bb4 21. Re3 Rxe3 22. fxe3 {½-½ (35) Duda,J (2738)-Ding,L (2813) Wijk aan Zee 2019}) 10... c6 11. Qf3 Re8 12. Bf4 Be6 13. Ne2 Bd6 {[#]} 14. Bxd6 $146 ({Predecessor:} 14. b3 Bxf4 15. Qxf4 c5 16. Rfd1 {½-½ (16) Shanava,K (2516)-Arutinian,D (2552) Tbilisi 2019}) 14... Qxd6 15. Qf4 Qxf4 16. Nxf4 Reb8 17. b3 a5 {[%cal Ba7a5,Ba5a4][%mdl 32]} 18. Rfe1 Bd7 19. c4 a4 20. cxd5 g5 21. dxc6 Bxc6 22. Ne2 axb3 23. axb3 {Accuracy: White = 79%, Black = 60%.} 1/2-1/2

[Event "BL 2018-19"]
[Site "Berlin"]
[Date "2019.03.24"]
[Round "13.2"]
[White "Ginsburg, Gennadi"]
[Black "Efimenko, Zahar"]
[Result "1/2-1/2"]
[WhiteElo "2418"]
[BlackElo "2635"]
[Annotator "TA"]
[PlyCount "84"]
[EventDate "2018.11.10"]
[EventType "team-tourn"]
[EventCountry "GER"]
[SourceTitle "playchess.com"]
[Source "ChessBase"]
[SourceQuality "1"]
[WhiteTeam "SV Hofheim"]
[BlackTeam "Werder Bremen"]

{[%evp 14,84,75,37,41,34,19,30,19,35,33,26,77,18,19,0,12,12,20,-12,0,-19,-26,-20,-38,-18,0,0,6,0,0,0,12,0,50,46,50,-16,-6,-10,0,0,0,0,0,0,0,0,0,0,0,0,0,0,0,0,0,-35,0,-12,-12,-19,0,0,0,0,0,0,0,0,0,0,0]} 1. e4 g6 2. d4 Bg7 3. Nc3 d6 4. Nf3 Bg4 5. Be3 Nf6 6. Be2 O-O 7. Qd2 Nbd7 8. O-O e5 {B08: Pirc Defence: Classical System} (8... c6 9. Rad1 Re8 10. h3 Bxf3 11. Bxf3 e5 12. d5 c5 13. a4 a6 14. Ra1 b6 15. Qe2 h5 16. Nb1 {0-1 (45) Mijailovic,Z (2409)-Zlatanovic,B (2395) Banja Vrujci 2017}) 9. dxe5 dxe5 10. h3 Bxf3 {White has an edge.} 11. Bxf3 c6 12. Rfd1 Re8 (12... Qe7 $11) 13. Qe2 ({White should play} 13. g4 $16) 13... Qe7 $146 ({Predecessor:} 13... Qc7 14. Qc4 Nb6 15. Qc5 Nbd7 16. Qc4 {½-½ (16) Tal,M-Hort,V Las Palmas 1975}) 14. Qc4 Bf8 15. a4 a5 16. Bg4 Nc5 17. Rd2 h5 18. Be2 Ne6 19. Qa2 Qc7 20. Bc4 Bb4 21. Bxe6 Rxe6 22. Qc4 Ne8 23. f3 Rd8 24. Rxd8 Qxd8 25. Rd1 (25. Nd1 $14) 25... Rd6 26. Rd3 Nc7 27. Bb6 Rxd3 28. cxd3 Qd6 29. Bxc7 Qxc7 30. Nd5 $1 {[%cal Rd5c7]} Qd6 31. Nxb4 axb4 {[%mdl 4096] Endgame KQ-KQ} 32. Kf2 h4 33. Ke3 Qe7 {[#] Threatens to win with ...Qg5+.} 34. Kf2 $1 Qd6 35. b3 Kg7 36. Ke3 {The position is equal.} Qe7 37. Kf2 Qd8 38. Qxb4 Qxd3 39. Qxb7 Qd2+ 40. Kf1 Qd1+ 41. Kf2 Qd2+ 42. Kf1 Qd1+ {Accuracy: White = 52%, Black = 53%.} 1/2-1/2

[Event "BL 2018-19"]
[Site "Berlin"]
[Date "2019.03.24"]
[Round "13.3"]
[White "Rapport, Richard"]
[Black "Jakubiec, Artur"]
[Result "1-0"]
[WhiteElo "2726"]
[BlackElo "2508"]
[Annotator "TA"]
[PlyCount "65"]
[EventDate "2018.11.10"]
[EventType "team-tourn"]
[EventCountry "GER"]
[SourceTitle "playchess.com"]
[Source "ChessBase"]
[SourceQuality "1"]
[WhiteTeam "Baden-Baden"]
[BlackTeam "Kiel"]

{[%evp 9,65,45,53,28,28,33,52,51,101,109,103,103,103,103,106,107,105,104,102,97,117,105,107,104,156,151,144,143,332,330,437,432,429,421,410,427,419,417,493,344,385,352,356,356,349,339,344,348,506,361,463,482,470,472,464,456,485,462]} 1. d4 f5 2. b3 Nf6 3. Bb2 g6 4. e3 (4. Nc3 Bg7 5. f3 d6 6. e3 O-O 7. Qd2 e5 8. dxe5 dxe5 9. Bc4+ Kh8 10. Qxd8 Rxd8 {1-0 (37) Jobava,B (2701)-Kobalia,M (2628) Moscow 2017}) 4... Bg7 5. h4 e6 $146 ({Predecessor:} 5... O-O 6. Nc3 b6 7. Qd2 Ba6 8. Nge2 Nc6 9. O-O-O e5 10. dxe5 Nxe5 {½-½ (20) Rapport,J (2375)-Beukema,S (2414) Wijk aan Zee 2019}) 6. Nh3 {A80: Dutch Defence: Unusual White second moves} d6 7. Nc3 Nc6 8. Nf4 {White is slightly better.} e5 9. dxe5 Nxe5 10. Qd2 Ne4 11. Nxe4 fxe4 12. O-O-O Bg4 13. Be2 $36 {[%mdl 2048] Keeping Black busy.} Qd7 14. Qd5 O-O-O 15. Qxe4 Bf5 16. Qb4 c5 (16... Nc6 $142 17. Qd2 Rhf8) 17. Qb5 Qf7 18. Rd2 Be4 $2 (18... Kb8 $16 19. Rhd1 Qe7) 19. Qa4 $18 {[%mdl 64] [#] Double Attack} Bc6 20. Qxa7 Kc7 {And now ...Ra8 would win.} 21. Qa5+ Kb8 22. Rhd1 Qe7 23. Kb1 Rhf8 24. Bb5 h6 25. f3 g5 26. hxg5 hxg5 27. Nd5 Bxd5 28. Rxd5 Bf6 (28... Bh8 {might work better.} 29. e4 Nf7 30. Bxh8 Rxh8) 29. a4 {[%cal Ba2a4,Ba4a5][%mdl 32]} Nf7 30. Bxf6 {White is clearly winning.} Qxf6 31. Qb6 Qe7 32. a5 Qc7 33. Rf5 {Accuracy: White = 92%, Black = 48%.} 1-0